000 00695nam a2200241Ia 4500
003 OSt
005 20220930194454.0
006 a|||||r|||| 00| 0
007 ta
008 220926b |||||||| |||| 00| 0 hin d
024 _a12825
037 _cDissertations
040 _aCRL
_cCRL
_bhin
041 _2hin
_ahin
100 _aSaxena Veerbala
_9563281
110 _aUniversity of Delhi. Faculty of Arts. Department of Sanskrit
245 0 _aSanskrit sahitya shastara mein kavyatam vivechana
260 _c1983
650 _aSANSKRIT
700 _aUniversity of Delhi. Faculty of Arts. Department of Sanskrit
942 _cDIS
_2CC
999 _c897765
_d897765